| 000 | 00481pab a2200181 454500 | ||
|---|---|---|---|
| 008 | 180718b2008 xxu||||| |||| 00| 0 eng d | ||
| 100 | _aRaychaudhuri, Ajitava | ||
| 245 | _aBarriers to trade in higher education services in the era of globalisation | ||
| 260 | _c2008 | ||
| 300 | _ap.51-60. | ||
| 362 | _a30 Aug | ||
| 650 | _aGlobalization | ||
| 650 | _aHigher education | ||
| 700 | _aDe, Prabir | ||
| 773 | _aEconomic and Political Weekly | ||
| 908 | _aN | ||
| 909 | _a79285 | ||
| 999 |
_c79285 _d79285 |
||